Embodied livability of marginalized women of Dhaka slums (Record no. 45662)

000 -LEADER
fixed length control field 00470nam a22001697a 4500
001 - CONTROL NUMBER
control field 45662
003 - CONTROL NUMBER IDENTIFIER
control field BD-DhUET
008 - FIXED-LENGTH DATA ELEMENTS--GENERAL INFORMATION
fixed length control field 260425b xxu||||| |||| 00| 0 eng d
040 ## - CATALOGING SOURCE
Transcribing agency 0
Modifying agency BD-DhUET
100 ## - MAIN ENTRY--PERSONAL NAME
Personal name Zareen Habiba Islam
245 ## - TITLE STATEMENT
Title Embodied livability of marginalized women of Dhaka slums
260 ## - PUBLICATION, DISTRIBUTION, ETC. (IMPRINT)
Place of publication, distribution, etc. Dhaka
Name of publisher, distributor, etc. Department of Architecture, BUET
Date of publication, distribution, etc. 2025
300 ## - PHYSICAL DESCRIPTION
Extent xv,389p.
501 ## - WITH NOTE
With note One CD-ROM
504 ## - BIBLIOGRAPHY, ETC. NOTE
Bibliography, etc Includes bibliographies
942 ## - ADDED ENTRY ELEMENTS (KOHA)
Koha item type Thesis
Holdings
Lost status Source of classification or shelving scheme Date acquired Withdrawn status Price effective from Copy number Damaged status Koha date last seen Piece designation (barcode) Location (home branch) Sublocation or collection (holding branch) Not for loan Shelving location Koha item type
  2026-04-24 2026-04-251 2026-04-25121032Central Library, BUETCentral Library, BUET Acquisition sectionThesis